Einhandsegler des Traums : Gedichte, Prosagedichte, Selbstdarstellungen /

Bibliographic Details
Main Author: Heise, Hans-Jürgen, 1930-
Format: Book
Language:German
Published: [Kiel] : Neuer Malik Verlag, [1989]

MARC

Tag First Indicator Second Indicator Subfields
LEADER 00000cam a2200000 a 4500
001 in00000896421
005 20150923190516.0
008 900104s1989 gw 00010 ger
010 |a  90101224  
020 |a 389029040X 
035 |a (OCoLC)20505747 
035 |9 AEM9126AM 
040 |a DLC  |c DLC  |d CIN  |d TXA  |d UtOrBLW 
049 |a TXAM  |c [A13134792] 
050 0 0 |a PT2668.E39  |b E38 1989 
082 0 0 |a 831/.914  |2 20 
100 1 |a Heise, Hans-Jürgen,  |d 1930- 
245 1 0 |a Einhandsegler des Traums :  |b Gedichte, Prosagedichte, Selbstdarstellungen /  |c Hans-Jürgen Heise. 
264 1 |a [Kiel] :  |b Neuer Malik Verlag,  |c [1989] 
264 4 |c ©1989 
300 |a 521 pages ;  |c 20 cm. 
336 |a text  |b txt  |2 rdacontent 
337 |a unmediated  |b n  |2 rdamedia 
338 |a volume  |b nc  |2 rdacarrier 
505 0 |a Ein Fenster nach Süden : Gedichte -- Meine kleine Freundin Schizophrenia : Prosagedichte -- Frühe und sonstige Gedichte -- Selbstdarstellungen -- Anmerkungen -- Zur Edition. 
999 |a MARS 
999 f f |s bb1a602f-d16d-397a-a789-ae22a51fa226  |i 3a1b8ec6-0ee6-35a4-88ea-a7daeefd5fd6  |t 0 
952 f f |p ric  |a Texas A&M University  |b Rellis Campus  |c Joint Library Facility  |d Remote Storage  |t 0  |e PT2668.E39 E38 1989  |h Library of Congress classification  |i unmediated -- volume  |m A14813134792 
998 f f |a PT2668.E39 E38 1989  |t 0  |l Remote Storage